| 000 | 01010nam a22002657a 4500 | ||
|---|---|---|---|
| 005 | 20240530110539.0 | ||
| 008 | 160504s2015 paua|||f b||| 001 0 eng d | ||
| 020 | _a9780702042959 (set) | ||
| 040 | _aEG-CaGPL | ||
| 082 | 0 | 4 |
_a616.0757 / _bA G _221 |
| 245 | 0 | 0 |
_aGrainger & Allison's diagnostic radiology : _ba textbook of medical imaging / _cedited by Andy Adam, Adrian K. Dixon ; consulting editors, Ronald G. Grainger, David J. Allison. |
| 250 | _a6th ed. | ||
| 260 |
_aPhiladelphia, PA : _bChurchill Livingstone Elsevier, _cc2015. |
||
| 300 |
_a2 v. : _bill. ; _c29 cm. |
||
| 504 | _aIncludes bibliographical references and index. | ||
| 650 | 0 | 4 | _aRadiology, Medical. |
| 650 | 0 | 4 | _aDiagnostic imaging. |
| 650 | 0 | 4 | _aTechnology, Radiologic. |
| 700 | 1 |
_aAdam, Andy, _eeditor. |
|
| 700 | 1 |
_aDixon, Adrian K., _eeditor. |
|
| 700 | 1 |
_aGrainger, Ronald G., _econsulting editor. |
|
| 700 | 1 |
_aAllison, David J., _econsulting editor. |
|
| 942 |
_2ddc _cBK |
||
| 999 |
_c62223 _d62223 |
||